00621nam a2200181Ia 4500008004000000020001800040082002000058100003800078245005700116250000500173260003800178300001300216650002700229690001700256906001100273999001900284952013600303210210b1995 xxu||||| |||| 00| 0 eng d a0 521 49849 x a574.192028 WILP aWILSON (Keith) and WALKER (John). aPrinciples and techniques of practical biochemistry. a aCambridgebUniversity pressc1995 axxix,586 aPractical Biochemistry aBiochemistry a055024 c102508d102508 001040708BiochemistryaALbALcBiochemistryd2021-02-17g215.00l0o574.192028 WILPp055024r2021-02-17 00:00:00w2021-02-17yBK